Groups of 7 - Statistics

General Stats
  • This quiz has been taken 235 times
    162 since last reset
  • The average score is 48 of 84
Answer Stats
Hint Answer % Correct
Notes of a C Major Scale a
98%
Notes of a C Major Scale b
98%
Colors of the Rainbow Blue
98%
Notes of a C Major Scale d
98%
Notes of a C Major Scale e
98%
Notes of a C Major Scale f
98%
Notes of a C Major Scale g
98%
Colors of the Rainbow Green
98%
Days of the Week Monday
98%
Days of the Week Tuesday
98%
Colors of the Rainbow Yellow
98%
Colors of the Rainbow Red
97%
Days of the Week Friday
96%
Days of the Week Saturday
96%
Notes of a C Major Scale c
95%
Colors of the Rainbow Orange
95%
Fruits in Hawaiian Punch (red) Orange
95%
Days of the Week Sunday
95%
Days of the Week Thursday
95%
Days of the Week Wednesday
94%
Continents Asia
93%
Months with 31 Days December
93%
Continents Europe
93%
Months with 31 Days January
93%
Months with 31 Days July
93%
Months with 31 Days May
93%
Continents North America
93%
Months with 31 Days October
93%
Continents South America
93%
Months with 31 Days August
92%
Colors of the Rainbow Violet
92%
Months with 31 Days March
91%
Continents Oceania
91%
Continents Africa
86%
Continents Antarctica
85%
Colors of the Rainbow Indigo
80%
Deadly Sins Envy
68%
Deadly Sins Greed
68%
Deadly Sins Sloth
63%
Deadly Sins Gluttony
61%
Harry Potter series Harry Potter and the Sorcerer's Stone
60%
Fruits in Hawaiian Punch (red) Pineapple
57%
Deadly Sins Lust
55%
Fruits in Hawaiian Punch (red) Apple
53%
Harry Potter series Harry Potter and the Prisoner of Azkaban
51%
Harry Potter series Harry Potter and the Chamber of Secrets
50%
Deadly Sins Wrath
50%
Harry Potter series Harry Potter and the Deathly Hallows
47%
Harry Potter series Harry Potter and the Half-Blood Prince
46%
Harry Potter series Harry Potter and the Goblet of Fire
45%
Deadly Sins Pride
43%
Harry Potter series Harry Potter and the Order of the Phoenix
36%
Sacraments Baptism
33%
Sacraments Eucharist
30%
Virtues Generosity
27%
Sacraments Marriage
27%
Simple Machines Lever
25%
Sacraments Confirmation
24%
Simple Machines Pulley
24%
Simple Machines Wheel
23%
Virtues Chastity
21%
Island castaways Gilligan
20%
Island castaways Ginger Grant
19%
Virtues Kindness
18%
Island castaways Mary Ann Summers
18%
Island castaways Mr. Thurston Howell III
18%
Sacraments Reconciliation
18%
Island castaways The Professor
18%
Fruits in Hawaiian Punch (red) Papaya
17%
Island castaways Skipper
17%
Virtues Meekness
14%
Virtues Humility
13%
Simple Machines Axel
12%
Island castaways Mrs. Eunice Wentworth Howell
12%
Simple Machines Wedge
12%
Fruits in Hawaiian Punch (red) Guava
11%
Simple Machines Screw
10%
Sacraments Holy Orders
9%
Sacraments Anointing of the Sick
8%
Fruits in Hawaiian Punch (red) Apricot
8%
Simple Machines Inclined Plane
8%
Fruits in Hawaiian Punch (red) Passion Fruit
8%
Virtues Temperance
7%
Virtues Diligence
5%
No matching quizzes found
Score Distribution
Percent of People with Each Score
Percentile by Number Answered
Your Score History
You have not taken this quiz since the last reset